00653nam a22002177a 450000500170000001000130001702000220003003500130005203700160006504000120008108200150009310000210010824500960012924600060022526000430023127000370027430000200031150000610033165000160039265000270040820170124110156.0 aA-948158 c00.00a8172246986 aA-948158 bCen Lib/Ret aDPLbEN a070.4bHAL aHall, Christine  aHow to be a freelance jounalist :cby Christine Hall byour step-by-step guide to success / b  bJaico Publishing House c1995aMumbai  bMumbai e400001a121, M.G. Road  a160p.c19cm(Hb) aIncludes glossary, bibliographical references and index  aJournalism  aPlanning your success